Электрическая прочность диэлектрических твердых растворов и температура плавления; Тезисы и аннотации докладов, представленных на расширенное совещание по электроизоляционным материалам

Podrobná bibliografie
Parent link:Тезисы и аннотации докладов, представленных на расширенное совещание по электроизоляционным материалам.— 1943
Hlavní autor: Богданова Н. Б.
Shrnutí:В фонде НТБ ТПУ отсутствует
Jazyk:ruština
Vydáno: 1943
Témata:
Médium: MixedMaterials Kapitola
KOHA link:https://koha.lib.tpu.ru/cgi-bin/koha/opac-detail.pl?biblionumber=592352

MARC

LEADER 00000naa0a2200000 4500
001 592352
005 20250828144030.0
035 |a (RuTPU)RU\TPU\tpu\4120 
035 |a TPU00004120 
090 |a 592352 
100 |a 20011210d1943 k||y0rusy50 ca 
101 0 |a rus 
102 |a RU 
200 1 |a Электрическая прочность диэлектрических твердых растворов и температура плавления  |f Н. Б. Богданова 
333 |a В фонде НТБ ТПУ отсутствует 
463 1 |t Тезисы и аннотации докладов, представленных на расширенное совещание по электроизоляционным материалам  |d 1943 
610 1 |a электричество 
610 1 |a труды учёных ТПУ 
700 1 |a Богданова  |b Н. Б. 
801 0 |a RU  |b 63413507  |c 20011210  |g PSBO 
801 2 |a RU  |b 63413507  |c 20131014  |g PSBO 
942 |c BK